000 00572nam a2200241Ia 4500
003 OSt
005 20220916111021.0
006 a|||||r|||| 00| 0
007 ta
008 220915b |||||||| |||| 00| 0 eng d
024 _a103216
037 _cTextbook
040 _beng
_aARTS
_cARTS
041 _aeng
082 _aV2:23:N5, J6,J6;1 (906)
100 _aLal A B
245 0 _aIndian parliament
260 _c1956
650 _aHISTORY
942 _hV2:23:N5, J6,J6;1 (906)
_cTB
_2CC
999 _c103452
_d103452